|
|
|
|
| LEADER |
00000nab a2200000 ar4500 |
| 001 |
vtls008419384 |
| 003 |
SK-MaSNL |
| 005 |
20260303070059.0 |
| 008 |
051219c20051205xo sr|p|||||||000 b|slo |
| 015 |
|
|
|a SNBRB2005/12
|2 snkbucl
|
| 038 |
|
|
|a SNKBUCL
|
| 040 |
|
|
|a SNKBUCL
|b slo
|c SNKBUCL
|e AACR2
|
| 041 |
0 |
|
|a slo
|
| 044 |
|
|
|a xo
|c SK
|
| 080 |
|
|
|a 796.332.071
|2 UDC-MRF-SK2
|
| 080 |
|
|
|a 929 Goffa, Vladimír
|2 UDC-MRF-SK2
|
| 100 |
1 |
|
|a Tomášik, Miroslav
|4 ivr
|9 388991
|
| 245 |
1 |
0 |
|a Je úžasné byť pri tom
|b Vladimír Goffa sa stal v Indickom oceáne dôstojným nástupcom Jozefa Jankecha
|c [zhováral sa] Miroslav Tomášik
|
| 300 |
|
|
|b Fotogr.
|
| 600 |
1 |
7 |
|a Goffa, Vladimír,
|d 1959-
|2 snkbucl
|9 25536
|
| 700 |
1 |
|
|a Goffa, Vladimír,
|d 1959-
|4 ive
|9 25536
|
| 773 |
0 |
|
|t Šport
|g Roč. 59, č. 285 (12.12.2005), s. 9
|x 0139-7001
|
| 852 |
|
|
|a SNK
|b KIS3GCP
|
| 958 |
|
|
|a BX
|2 snkbucl
|
| 999 |
|
|
|c 1753862
|d 1755792
|